000 00519nam a2200205Ia 4500
003 OSt
005 20221005130651.0
006 a|||||r|||| 00| 0
007 ta
008 221004b |||||||| |||| 00| 0 eng d
024 _a112641
037 _cTextual
040 _aCRL
_cCRL
_beng
041 _2eng
_aeng
100 _aSingh Jeevan
_9638452
245 0 _aSahit Sarnachar
_b I C Nanda Ank
700 _a Singh Daljeet
_9638453
942 _cTEXL
_2cc
999 _c1057956
_d1057956